The noble scholar, jurist, historian


 His Excellency Dr. Abdul Wahhab bin Ibrahim Abu Sulaiman, may Allah have mercy on him.


 He was born in Umm Al-Qura in the year 1356 AH.

الشريعة الإسلامية صالحة لكل زمان ومكان / (Record no. 12995)

MARC details
000 -LEADER
fixed length control field 01170cam a22002891i 4500
003 - CONTROL NUMBER IDENTIFIER
control field SA-RiAUC
005 - DATE AND TIME OF LATEST TRANSACTION
control field 20251103135557.0
008 - FIXED-LENGTH DATA ELEMENTS--GENERAL INFORMATION
fixed length control field 251015s1971 sy g b 00010 ara c
040 ## - CATALOGING SOURCE
Original cataloging agency SA-RiAUC
Language of cataloging ara
Transcribing agency SA-RiAUC
Description conventions rda
050 #4 - LIBRARY OF CONGRESS CALL NUMBER
Item number .M84 1971
082 04 - DEWEY DECIMAL CLASSIFICATION NUMBER
Classification number 250
Assigning agency SA-RiAUC
090 ## - LOCALLY ASSIGNED LC-TYPE CALL NUMBER (OCLC); LOCAL CALL NUMBER (RLIN)
Classification number (OCLC) (R) ; Classification number, CALL (RLIN) (NR) 250
Local cutter number (OCLC) ; Book number/undivided call number, CALL (RLIN) م ح م
100 0# - MAIN ENTRY--PERSONAL NAME
Personal name محمد الخضر حسين،
Dates associated with a name 1876-1958
Relator term مؤلف.
245 12 - TITLE STATEMENT
Title الشريعة الإسلامية صالحة لكل زمان ومكان /
Statement of responsibility, etc. محمد الخضر حسين ؛ أشرف على طبعة ونشره علي الرضا التونسي.
264 #1 - PRODUCTION, PUBLICATION, DISTRIBUTION, MANUFACTURE, AND COPYRIGHT NOTICE
Place of production, publication, distribution, manufacture دمشق :
Name of producer, publisher, distributor, manufacturer علي الرضا التونسي،
Date of production, publication, distribution, manufacture, or copyright notice 1971
300 ## - PHYSICAL DESCRIPTION
Extent 224 صفحة ؛
Dimensions 24 سم
336 ## - CONTENT TYPE
Content type term نص
Content type code txt
Source rdacontent
Materials specified كتاب
337 ## - MEDIA TYPE
Media type term بدون وسيط
Media type code n
Source rdamedia
338 ## - CARRIER TYPE
Carrier type term مجلد
Carrier type code nc
Source rdacarrier
504 ## - BIBLIOGRAPHY, ETC. NOTE
Bibliography, etc. note يشتمل على إرجاعات ببليوجرافية.
650 #7 - SUBJECT ADDED ENTRY--TOPICAL TERM
Topical term or geographic name entry element الأدلة الشرعية
Source of heading or term aucsh
650 #7 - SUBJECT ADDED ENTRY--TOPICAL TERM
Topical term or geographic name entry element الشريعة الإسلامية
Source of heading or term aucsh
653 ## - INDEX TERM--UNCONTROLLED
Uncontrolled term النوادر
700 1# - ADDED ENTRY--PERSONAL NAME
Personal name التونسي، علي الرضا،
Dates associated with a name 1935-
Relator term مشرف.
942 ## - ADDED ENTRY ELEMENTS (KOHA)
Source of classification or shelving scheme Dewey Decimal Classification
Koha item type Books
Suppress in OPAC No
949 ## - LOCAL PROCESSING INFORMATION (OCLC)
a SA-JeALM
d 251015
u mohamedma123
n 1
Holdings
Withdrawn status Lost status Source of classification or shelving scheme Damaged status Not for loan Home library Current library Date acquired Total checkouts Full call number Barcode Date last seen Price effective from Koha item type
    Dewey Decimal Classification     DR AbdElwahab Library DR AbdElwahab Library 11/03/2025   250 م ح م 000020796 11/03/2025 11/03/2025 Books